Match the Animal to the Book - Statistics

General Stats
  • This quiz has been taken 118 times
  • The average score is 12 of 15
Answer Stats
Hint Answer % Correct
Jaws Shark
98%
Paddington at Large Bear
97%
Moby Dick Whale
96%
Puss in Boots Cat
93%
Stuart Little Mouse
92%
Curious George Chimpanzee
89%
Black Beauty Horse
85%
Life of Pi Tiger
84%
The Story of Babar Elephant
67%
The Call of the Wild Dog
65%
The Rime of the Ancient Mariner Albatross
64%
Born Free Lion
60%
Watership Down Rabbit
58%
The Tale of Mr Jeremy Fisher Frog
57%
The Tale of Mrs Tiggy-Winkle Hedgehog
53%
No matching quizzes found
Score Distribution
Percent of People with Each Score
Percentile by Number Answered
Your Score History
You have not taken this quiz